Statistics for Romania or Bulgaria?

Click here to take the quiz!

General Stats

  • This quiz has been taken 152 times
  • The average score is 9 of 10

Answer Stats

QuestionAnswer% Correct
It's capital city is SofiaBulgaria
100%
Border/s TurkeyBulgaria
94%
Has/Have a similar flag to ChadRomania
94%
Border/s UkraineRomania
94%
Is/Are part of the EUBoth
93%
Border/s the Black SeaBoth
92%
It's currency is the LevBulgaria
90%
Was/Were part of YugoslaviaNone
86%
Part of it's/their modern day territory was/were part of Austria-Hungary (in 1914)Romania
79%
The Danube exits through it/them.Romania
41%

Score Distribution

Percentile by Number Answered

Percent of People with Each Score

Your Score History

You have not taken this quiz